The Simpsons-Photo character quiz - Statistics

General Stats
  • This quiz has been taken 29 times
    26 since last reset
  • The average score is 66 of 189
Answer Stats
Picture Answer % Correct
Homer Simpson
100%
Marge Simpson
100%
Abe Simpson II
94%
Bart Simpson
94%
Lisa Simpson
94%
Maggie Simpson
94%
Herschell Krustofsky
88%
Ned Flanders, Jr.
88%
Apu Nahasapeemapetilon, Jr.
81%
Ralph Wiggum
81%
Selma Bouvier
75%
Armin Tamzarian
69%
Don Marion Anthony "Fat Tony" D'Amico
69%
Edna Krabappel
69%
Patty Bouvier
69%
Chester Turley
63%
Chief Clancy Wiggum
63%
Itchy
63%
Moe Szyslak
63%
Rod Flanders
63%
Todd Flanders
63%
Cletus Spuckler
56%
Lou
56%
Maude Flanders
56%
Mayor Joe Quimby
56%
Milhouse Van Houten
56%
Robert Terwilliger
56%
Waylon Smithers, Jr.
56%
Willie MacDougal
56%
Barney Gumble
50%
Carl Carlson
50%
Charles Montgomery Burns
50%
Gary Chalmers
50%
Jeff Albertson
50%
Kent Brockman
50%
Lenny Leonard
50%
Martin Prince
50%
Mona Simpson
50%
Otto Mann
50%
Reverend Timothy Lovejoy Jr.,
50%
Santa's Little Helper
50%
Scratchy
50%
Barry Huffman
44%
Corky Jones
44%
Dr. Nick Riviera
44%
Eleanor Abernathy
44%
Hans Moleman
44%
Herb Powell
44%
Jacqueline Bouvier
44%
Kearney Zzyzwicz, Sr.
44%
Kirk Van Houten
44%
Luigi Risotto
44%
Melvin Van Horne
44%
Nelson Muntz
44%
Poochie
44%
Professor Jonathan Frink, Jr.
44%
Radioactive Man
44%
Sarah Wiggum
44%
Snowball I
44%
Snowball II
44%
Stu Discothèque
44%
Agnes Skinner
38%
Captain Horatio McCallister
38%
Clancy Bouvier
38%
Doris Freedman
38%
Dr. Julius Hibbert
38%
Eddie
38%
Helen Lovejoy
38%
Kang Johnson
38%
Kodos Johnson
38%
Larry
38%
Manjula Nahasapeemapetilon
38%
Pedro Chespirito
38%
Rainier Wolfcastle
38%
Sherri Mackleberry
38%
Terri Mackleberry
38%
Troy McClure
38%
Üter Zörker
38%
Akira
31%
Arnie Pye
31%
Artie Ziff
31%
Bernice Hibbert
31%
Bleeding Gums Murphy
31%
Blinky the Three-Eyed Fish
31%
Blue-Haired Lawyer
31%
Brandine Spuckler
31%
Cookie Kwan
31%
Dewey Largo
31%
Dolph Starbeam
31%
Dr. Marvin Monroe
31%
Fallout Boy
31%
Gerald Samson
31%
Gil Gunderson
31%
Hank Scorpio
31%
Herman Hermann
31%
Hugo Simpson II
31%
Jacques
31%
Janey Powell
31%
Jasper Beardly
31%
Jeremy Freedman
31%
Jessica Lovejoy
31%
Jub-Jub
31%
Kyle Williams
31%
Leon Kompowsky
31%
Lionel Hutz
31%
Louie Walters
31%
Luann Van Houten
31%
Lurleen Lumpkin
31%
Lyle Lanley
31%
Max Legman
31%
McBain
31%
Mindy Simmons
31%
Mr. Sparkle ミスタースパーコル Misutā Supākoru
31%
Mr. Teeny
31%
Old Jewish Man
31%
Princess Kashmir
31%
Richard Texan
31%
Sanjay Nahasapeemapetilon
31%
Wendell Borton
31%
Alice Glick
25%
Allison Taylor
25%
Amber Simpson
25%
Capital City Goofball
25%
Drederick Tatum
25%
Elizabeth Hoover
25%
Frank Grimes, Sr.
25%
Ginger Flanders
25%
Laddie
25%
Larry Burns
25%
Lewis Clark
25%
Lindsey Naegle
25%
Martha Quimby
25%
Miss Springfield
25%
Rabbi Hyman Krustofsky
25%
Raphael
25%
Rex Banner
25%
Roger Myers Jr.
25%
Ruth Powers
25%
Sam
25%
The Yes Guy
25%
Belle
19%
Captain Lance Murdock
19%
Cosine Tangent
19%
Gary
19%
Guy Incognito
19%
Hugh Jass
19%
Judge Roy Snyder
19%
Laura Powers
19%
Leopold
19%
Lucius Sweet
19%
Mojo
19%
Mr. Bergstrom
19%
Mr. Costington
19%
Roy
19%
Señor Ding Dong
19%
Shary Bobbins
19%
Amber Dempsey
13%
Benjamin
13%
Birch Barlow
13%
Brunella Pommelhorst
13%
Corporal Punishment
13%
Dave Shutton
13%
Don Vittorio DiMaggio
13%
Doug
13%
Dr. Hector von Colossus
13%
Dr, J. Loren Pryor
13%
Freddy
13%
Grandma Van Houten
13%
Grandpa Van Houten
13%
Ian
13%
Jake
13%
Lucille Botzcowski
13%
Molloy
13%
Nigel
13%
Park Ranger
13%
Sebastian Cobb
13%
Sideshow Raheem
13%
Zutroy
13%
Booker T. Report
6%
Don Brodka
6%
Femme Fatale
6%
June Bellamy
6%
Les Moore
6%
Shelby
6%
Stacey Lovell
6%
The Scoutmaster
6%
Mr. James Bont
0%
Spirit Guide The Space Coyote Johnny
0%
Walter Seymour Skinner
0%
No matching quizzes found
Score Distribution
Percent of People with Each Score
Percentile by Number Answered
Your Score History
You have not taken this quiz since the last reset